[Event "Chess House GM December 2019"]
[Site "Aarhus"]
[Date "2019.12.17"]
[Round "9.5"]
[White "Vasli, Aref"]
[Black "Smith, Axel"]
[Result "1/2-1/2"]
[WhiteElo "2413"]
[BlackElo "2470"]
[Annotator "ChessBase"]
[PlyCount "78"]
[EventDate "2019.12.11"]
[EventType "tourn"]
[EventCountry "DEN"]
[SourceTitle "playchess.com"]
[Source "ChessBase"]
[SourceQuality "1"]
[TimeControl "40/5400+30:1800+30"]

1. e4 {[%emt 0:00:00]} e5 {[%emt 0:00:00]} 2. Nf3 {[%emt 0:00:00]} Nc6 {[%emt 0:00:00]} 3. Bb5 {[%emt 0:00:01]} a6 {[%emt 0:00:00]} 4. Ba4 {[%emt 0:00:19]} Nf6 {[%emt 0:00:00]} 5. O-O {[%emt 0:00:45]} Nxe4 {[%emt 0:00:00]} 6. d4 {[%emt 0:04:34]} Be7 {[%emt 0:00:24]} 7. Re1 {[%emt 0:03:04]} b5 {[%emt 0:00:21]} 8. Bb3 {[%emt 0:00:03]} d5 {[%emt 0:00:49]} 9. dxe5 {[%emt 0:00:10]} Be6 {[%emt 0:00:17]} 10. c3 {[%emt 0:06:59]} O-O {[%emt 0:00:24]} 11. Nbd2 {[%emt 0:04:14]} Nc5 {[%emt 0:01:08]} 12. Bc2 {[%emt 0:06:48]} d4 {[%emt 0:00:28]} 13. Nb3 {[%emt 0:01:16]} dxc3 {[%emt 0:02:46]} 14. bxc3 {[%emt 0:06:27]} Qxd1 {[%emt 0:19:37]} 15. Rxd1 {[%emt 0:01:11]} Na4 {[%emt 0:03:08]} 16. Nbd4 {[%emt 0:13:13]} Nxd4 {[%emt 0:00:05]} 17. cxd4 {[%emt 0:16:24]} Nc3 {[%emt 0:00:18]} 18. Re1 {[%emt 0:01:30]} h6 {[%emt 0:31:18]} 19. Bd2 {[%emt 0:03:15]} Nd5 {[%emt 0:07:30]} 20. Be4 {[%emt 0:01:30]} c5 {[%emt 0:03:18]} 21. dxc5 {[%emt 0:01:25]} Bxc5 {[%emt 0:00:01]} 22. Red1 {[%emt 0:03:30]} Rad8 {[%emt 0:03:04]} 23. Ba5 {[%emt 0:04:25]} Bb6 {[%emt 0:01:25]} 24. Bxd5 {[%emt 0:07:05]} Bxa5 {[%emt 0:00:04]} 25. Bxe6 {[%emt 0:02:39]} fxe6 {[%emt 0:00:01]} 26. Rac1 {[%emt 0:01:31]} Bc3 {[%emt 0:09:50]} 27. Kf1 {[%emt 0:01:07]} b4 {[%emt 0:00:03]} 28. Ke2 {[%emt 0:01:55]} a5 {[%emt 0:04:04]} 29. a4 {[%emt 0:03:58]} Rc8 {[%emt 0:04:22]} 30. Rd6 {[%emt 0:01:34]} Bxe5 {[%emt 0:04:03]} 31. Rxc8 {[%emt 0:00:02]} Bxd6 {[%emt 0:00:10]} 32. Rc6 {[%emt 0:00:04]} Bf4 {[%emt 0:00:19]} 33. g3 {[%emt 0:00:39]} Bg5 {[%emt 0:01:18]} 34. Nd4 {[%emt 0:00:01]} e5 {[%emt 0:03:04]} 35. Nb3 {[%emt 0:00:36]} e4 {[%emt 0:01:20]} 36. Nxa5 {[%emt 0:00:39]} Ra8 {[%emt 0:01:21]} 37. Rc5 {[%emt 0:00:45]} b3 {[%emt 0:01:25]} 38. Nxb3 {[%emt 0:00:41]} Rxa4 {[%emt 0:00:06]} 39. Rc2 {[%emt 0:02:05]} Kf7 {[%emt 0:00:03]} 1/2-1/2